Statistics for Bridge and Tunnel Borders

Click here to take the quiz!

General Stats

  • This quiz has been taken 19,606 times
    (19,445 since last reset)
  • The average score is 6 of 8

Answer Stats

Bridge or Tunnel Country % Correct
Channel TunnelFrance
99%
Channel TunnelUnited Kingdom
99%
Øresund BridgeDenmark
96%
Øresund BridgeSweden
96%
King Fahd CausewaySaudi Arabia
81%
King Fahd CausewayBahrain
71%
Johor CausewayMalaysia
54%
Johor CausewaySingapore
53%

Score Distribution

Percentile by Number Answered

Percent of People with Each Score

Your Score History

You have not taken this quiz since the last reset